Religion Quiz

Random Religion or Bible Quiz

Follow that Verse: James 2: 14-26 (NIV) Quiz Stats

 Plays Quiz not verified by Sporcle

Challenge
Share
Tweet
Embed
Score 0/15 Timer 02:00
0 Plays Today
% Correct
Abraham believed God, and it was credited to him as righteousness,” and he was called God’s friend.
85.2%
without clothes and daily food.
75.2%
if someone claims to have faith but has no deeds? Can such faith save them?
74.3%
but does nothing about their physical needs, what good is it?
72.7%
if it is not accompanied by action, is dead.
72.5%
and I will show you my faith by my deeds.
72.5%
evidence that faith without deeds is useless?
69.6%
“You have faith; I have deeds.”
68.2%
% Correct
Even the demons believe that—and shudder.
68.2%
the prostitute considered righteous for what she did
63.7%
by what they do and not by faith alone.
63%
so faith without deeds is dead.
62.8%
and sent them off in a different direction?
62.6%
and his faith was made complete by what he did.
62.4%
for what he did when he offered his son Isaac on the altar?
60.4%

You're not logged in!

Compare scores with friends on all Sporcle quizzes.
Join for Free
OR
Log In

You Might Also Like...

Show Comments

Extras

Top Quizzes Today


Score Distribution

Your Account Isn't Verified!

In order to create a playlist on Sporcle, you need to verify the email address you used during registration. Go to your Sporcle Settings to finish the process.

Report this User

Report this user for behavior that violates our Community Guidelines.

Details: